| 000 | 00435nam a2200181Ia 4500 | ||
|---|---|---|---|
| 005 | 20240823020624.0 | ||
| 008 | 240823s9999||||xx |||||||||||||| ||und|| | ||
| 041 | _aENGLISH | ||
| 082 | _A294.5924 P5 | ||
| 100 | _aSwami Prabhupada A C | ||
| 245 | 0 | _aBhagavad-Gita As It Is | |
| 250 | _a2nd | ||
| 260 |
_c2005 _bBhaktivedanta Book _aMumbai |
||
| 500 | _aYES | ||
| 650 |
_aBhagavat Gita _bGeneral |
||
| 942 | _cBK | ||
| 999 |
_c175183 _d175183 |
||